|
|
|
|
| LEADER |
01198nam a2200397 4500 |
| 001 |
DLU090096532 |
| 005 |
##20091201 |
| 040 |
# |
# |
|a DLU
|b eng
|
| 041 |
# |
# |
|a eng
|
| 044 |
# |
# |
|a us
|
| 245 |
# |
# |
|a Effect of nitrate injection on the microbial community in an oil field as monitored by reverse sample genome probing /
|c A. J. Telang ... [et al.].
|
| 653 |
# |
# |
|a Bacteria
|
| 653 |
# |
# |
|a Enhanced recovery
|
| 653 |
# |
# |
|a Microbial community
|
| 653 |
# |
# |
|a Microbiological method
|
| 653 |
# |
# |
|a Molecular hybridization
|
| 653 |
# |
# |
|a Nitrates
|
| 653 |
# |
# |
|a Oil field
|
| 653 |
# |
# |
|a Ribosomal DNA
|
| 700 |
# |
# |
|a Ebert, S.
|
| 700 |
# |
# |
|a Foght, J. M.
|
| 700 |
# |
# |
|a Gevertz, D.
|
| 700 |
# |
# |
|a Jenneman, G. E.
|
| 700 |
# |
# |
|a Telang, A. J.
|
| 700 |
# |
# |
|a Voordouw, G.
|
| 700 |
# |
# |
|a Westlake, D. W. S.
|
| 773 |
# |
# |
|t Applied and Environmental Microbiology
|g Vol. 63, no. 5 (May 1997), p. 1785-1793
|
| 920 |
# |
# |
|a Phòng Tạp chí -- Trung tâm Thông tin - Thư viện Trường Đại học Đà Lạt
|
| 994 |
# |
# |
|a DLU
|
| 900 |
# |
# |
|a True
|
| 911 |
# |
# |
|a Trương Bảo Trâm Anh
|
| 925 |
# |
# |
|a G
|
| 926 |
# |
# |
|a A
|
| 927 |
# |
# |
|a BB
|
| 980 |
# |
# |
|a Thư viện Trường Đại học Đà Lạt
|